La deuda histórica del arbitraje moderno.
Guardat en:
| Autor corporatiu: | |
|---|---|
| Format: | Llibre |
| Publicat: |
Madrid, España:
Dykinson,
2014.
|
| Matèries: | |
| Etiquetes: |
Afegir etiqueta
Sense etiquetes, Sigues el primer a etiquetar aquest registre!
|
MARC
| LEADER | 00000nam a22000007a 4500 | ||
|---|---|---|---|
| 003 | CL-VaPUC | ||
| 005 | 20220822114802.0 | ||
| 008 | 220802t2014 ||||| |||| 00| 0 eng d | ||
| 999 | |c 437877 |d 437875 | ||
| 020 | |a 978-84-9031-784- | ||
| 040 | |c Pontificia Universidad Católica de Valparaíso | ||
| 082 | 7 | |a 332.645 REA 2014 |2 22 | |
| 110 | |a Real Academia de Jurisprudencia y Legislación |e autor |9 874629 | ||
| 245 | |a La deuda histórica del arbitraje moderno. | ||
| 260 | |a Madrid, España: |b Dykinson, |c 2014. | ||
| 300 | |a 219 páginas. | ||
| 500 | |a c.1 Donación Familia Prof. Alejandro Guzmán Brito. Discurso leído el día 20 de enero de 2014, en el acto de su recepción como académico de número, por el Excmo. Sr. D. Antonio Fernández de Buján y Fernández y contestación del Excmo. Sr. D. Luis Díez-Picazo y Ponce de León, presidente de la academia. | ||
| 583 | |c 20220802 |k Catalogador Asistente | ||
| 650 | |a Arbitraje |x Historia |9 874668 | ||
| 942 | |2 ddc |c BK |n 0 | ||
| 952 | |0 0 |1 0 |2 ddc |4 0 |6 332_645000000000000_REA_2014 |7 1 |8 C_AGB |9 585728 |a BIBDER |b BIBDER |d 2022-08-02 |e Donación |i 5653753 |o 332.645 REA 2014 |p 5653753 |r 2023-01-25 |t 1 |w 2022-08-02 |y BK_US |k AGB | ||